Normal view
MARC view
- Berning, Jacqueline R.
Entry Personal Name
001 - CONTROL NUMBER
- control field: 126694
003 - CONTROL NUMBER IDENTIFIER
- control field: NUST
005 - DATE AND TIME OF LATEST TRANSACTION
- control field: 20241101105423.0
008 - FIXED-LENGTH DATA ELEMENTS
- fixed length control field: 241101|| aca||aabn | a|a d
040 ## - CATALOGING SOURCE
- Original cataloging agency: NUST
- Transcribing agency: NUST
100 ## - HEADING--PERSONAL NAME
- Personal name: Berning, Jacqueline R.
670 ## - SOURCE DATA FOUND
- Source citation: Work cat.: (NUST)0: Byrd-Bredbenner, Carol, author. 126693, Wardlaw's perspectives in nutrition /
